| 000 | 00473nam a2200157 4500 | ||
|---|---|---|---|
| 001 | 121475 | ||
| 003 | ES-MaACL | ||
| 005 | 20230906191745.0 | ||
| 007 | t| | ||
| 008 | 070214s1967 sp r ||||1| spa d | ||
| 245 | 0 | 0 | _aPlan de ordenación de la arquitectura rural. |
| 260 |
_aMadrid : _bColegio Oficial de Arquitectos, _c1967. |
||
| 300 |
_a111 p. : _bil. ; _c30 cm. |
||
| 710 | 2 |
_aColegio Oficial de Arquitectos de Madrid. _92958 |
|
| 852 |
_aES-MaACL _jC-35746 _bR.67178 |
||
| 999 |
_c121475 _d121475 |
||